Największe wsie w Polsce - Statystyki

Ogólne statystyki
  • Ten quiz został rozwiązany 413 razy
  • Średni wynik to 3 z 20
Statystyki odpowiedzi
Ludność Nazwa wsi Województwo % Poprawnych
13 084 Kozy śląskie
72%
11 319 Koziegłowy wielkopolskie
29%
7 323 Luzino pomorskie
18%
7 313 Raszyn mazowieckie
18%
7 400 Sierakowice pomorskie
18%
8 425 Jabłonna mazowieckie
16%
8 967 Pawłowice śląskie
16%
10 709 Józefosław mazowieckie
14%
8 603 Komorniki wielkopolskie
12%
10 783 Plewiska wielkopolskie
11%
8 159 Świerklany śląskie
11%
6 824 Ksawerów łódzkie
10%
7 523 Rokietnica wielkopolskie
10%
7 813 Wola śląskie
10%
8 094 Skórzewo wielkopolskie
9%
6 800 Bolszewo pomorskie
8%
7 973 Mierzyn zachodniopomorskie
8%
7 461 Łodygowice śląskie
6%
6 866 Jawiszowice małpolskie
5%
7 330 Jaworze śląskie
5%
Nie znaleziono quizów pasujących do podanych kryteriów
Rozkład punktacji
Procent ludzi z każdym wynikiem
Percentyl według liczby udzielonych odpowiedzi
Twoja historia wyników
Nie rozwiązałeś tego quizu